000
00325nam a22001337a 4500
008
181107b xxu||||| |||| 00| 0 eng d
020
_a
0155003909
041
_a
eng
080
_a
330
100
_a
58
101
_a
BIZ
245
_a
Above the Bottom Line An Introduction to Business Ethics
_c
Solomon,R.C
942
_2
udc
_c
BK
999
_c
52059
_d
52059